Estatísticas para Países com Maior Densidade Populacional

Clique aqui para jogar o quiz

Estatísticas Gerais

  • Esse quiz foi jogado 1 419 vezes
  • A pontuação média é 10 de 24

Estatísticas das Respostas

DensidadePaís% Correto
426Índia
87%
19,642Mônaco
70%
1,641Vaticano
70%
1,127Bangladesh
67%
558San Marino
62%
8,135Singapura
58%
512Coreia do Sul
54%
1,403Malta
46%
660Taiwan
46%
373Filipinas
40%
449Israel
40%
419Haiti
36%
2,285Bahrein
35%
405Países Baixos
35%
382Bélgica
33%
521Nauru
33%
1,851Maldivas
31%
462Tuvalu
31%
649Líbano
30%
511Ruanda
26%
670Barbados
25%
447Burundi
25%
625Maurício
25%
483Comores
24%

Distribuição das Pontuações

Percentil de Números Respondidos

Porcentagem de Pessoas com Cada Pontuação

Sua Pontuação Histórica

Você não jogou esse quiz